000 00319nam a22001337a 4500
008 170627b xxu||||| |||| 00| 0 eng d
020 _a9780155050983
041 _aeng
080 _2811
_a5TH
100 _a21
101 _aGJL
245 _aSTEPS TO WRITING WELL WITH ADDITIONAL READINGS
_cWYRICK,J
942 _2udc
_cBK
999 _c19216
_d19216